Top Selling NHL Jerseys - Statistics

General Stats
  • This quiz has been taken 1,343 times
  • The average score is 9 of 25
Answer Stats
Hint Answer % Correct
6 Sidney Crosby
92%
3 Connor McDavid
87%
5 Alex Ovechkin
81%
2 Patrick Kane
62%
1 Jonathan Toews
53%
17 Steven Stamkos
52%
11 Carey Price
49%
12 Nathan MacKinnon
46%
13 Patrice Bergeron
39%
7 John Tavares
35%
25 Anze Kopitar
33%
21 PK Subban
33%
4 Henrik Lundqvist
28%
23 Zdeno Chara
28%
24 Tyler Seguin
25%
15 Claude Giroux
24%
16 Phil Kessel
19%
10 Gabriel Landeskog
12%
19 Pavel Datsyuk
12%
18 Rick Nash
12%
8 Zach Parise
10%
14 TJ Oshie
9%
20 Matt Duchene
7%
9 Ryan McDonagh
5%
22 Milan Lucic
4%
No matching quizzes found
Score Distribution
Percent of People with Each Score
Percentile by Number Answered
Your Score History
You have not taken this quiz